| 000 | 01785nam a22005053 4500 | ||
|---|---|---|---|
| 001 | 21278 | ||
| 003 | VRT | ||
| 005 | 20260226081936.0 | ||
| 008 | 250219s2024 xo oabef an 000 0 slo d | ||
| 020 |
_a9788097446321 _q(viazané) |
||
| 035 | _aa000764656 | ||
| 039 | 9 |
_a202505200923 _bba00115 _c202505151337 _dkucmanj _c202502190953 _dMiskovav |
|
| 040 |
_aUKB _bslo _dUKB _erda |
||
| 041 | 0 |
_aslo _beng |
|
| 043 | _ae-xo--- | ||
| 044 |
_axo _cSK |
||
| 072 | 7 |
_a902 _xArcheológia _2konspekt |
|
| 080 |
_a902-051 _22011 |
||
| 080 |
_a902.2 _22011 |
||
| 080 |
_a902.3 _22011 |
||
| 080 |
_a(437.6) _22011 |
||
| 080 |
_a(048.8) _22011 |
||
| 245 | 1 | 0 |
_aNové objavy v Žilinskom kraji _nII. _pArcheologické aktivity v rokoch 2018-2022 _cMartin Furman (editor) |
| 246 | 3 | 0 | _aArcheologické aktivity v rokoch 2018-2022 |
| 264 | 1 |
_aŽilina _bSpolok SEPTENTRIO _c2024 |
|
| 300 |
_a309 strán _bilustrácie, mapy, plány |
||
| 336 |
_atext _btxt _2rdacontent |
||
| 337 |
_abez média _bn _2rdamedia |
||
| 338 |
_azväzok _bnc _2rdacarrier |
||
| 366 | _e1000 kusov | ||
| 504 | _aBibliografia na strane 295-302 ; bibliografické odkazy | ||
| 546 | _aAnglické resumé | ||
| 610 | 2 | 7 |
_aPamiatkový úrad Slovenskej republiky _2UKBPH |
| 610 | 2 | 7 |
_aKrajský pamiatkový úrad Žilina _2UKBPH |
| 650 | 0 | 7 |
_aarcheologické nálezy _zSlovensko _2UKBPH |
| 650 | 0 | 7 |
_aarcheológovia _zSlovensko _2UKBPH |
| 650 | 0 | 7 |
_aarcheologické výskumy _zSlovensko _2UKBPH |
| 650 | 0 | 7 |
_asídliská (archeológia) _zSlovensko _ydoba bronzová _2UKBPH |
| 651 | 7 |
_aŽilinský kraj (Slovensko) _2UKBPH |
|
| 655 | 7 |
_aprehľady _2UKBPH |
|
| 700 | 1 |
_aFurman, Martin _4edt |
|
| 942 |
_2ddc _cOLDO _n0 |
||
| 949 |
_61800965995 _aSJ.B.13497 _bPV.2025-1166 |
||
| 980 | _aSpolok SEPTENTRIO, Hlinská 2587/32, 01001 Žilina | ||
| 999 |
_c21278 _d21278 |
||